MARC details
| 000 -CABECERA |
| campo de control de longitud fija |
03154nam a2200529Ia 4500 |
| 001 - NÚMERO DE CONTROL |
| campo de control |
dia_1724 |
| 003 - IDENTIFICADOR DEL NÚMERO DE CONTROL |
| campo de control |
CHAP |
| 005 - FECHA Y HORA DE LA ÚLTIMA TRANSACCIÓN |
| campo de control |
20240322183027.0 |
| 006 - CÓDIGOS DE INFORMACIÓN DE LONGITUD FIJA--CARACTERÍSTICAS DEL MATERIAL ADICIONAL |
| campo de control de longitud fija |
a||||fq||m| 00| 0 |
| 007 - CAMPO FIJO DE DESCRIPCIÓN FÍSICA--INFORMACIÓN GENERAL |
| campo de control de longitud fija |
ta |
| 008 - DATOS DE LONGITUD FIJA--INFORMACIÓN GENERAL |
| campo de control de longitud fija |
220117s2010 mx abdofr 001 0 spa d |
| 040 ## - FUENTE DE LA CATALOGACIÓN |
| Centro/agencia transcriptor |
CHAP |
| Centro catalogador/agencia de origen |
mxchpua |
| 090 ## - LOCALMENTE ASIGNADO TIPO-LC NÚMERO DE CLASIFICACIÓN (OCLC); NÚMERO DE CLASIFICACIÓN LOCAL (RLIN) |
| Número de clasificación (OCLC) (R) ; Numero de clasificación, CALL (RLIN) (NR) |
T.C.528 |
| Número cutter local (OCLC) ; Número de libro/Signatura topográfica íntegra, CALL (RLIN) |
S99 IAI |
| Año |
2010 |
| 245 10 - MENCIÓN DE TÍTULO |
| Título |
Reporte de la fase de campo realizado a la Comarca Lagunera, Sinaloa y Nayarit / |
| Mención de responsabilidad, etc. |
coordinadora Rosa Guadalupe Szymanski Duque ; colaboradores Ana Estela Arcos Hernández...[et al.] |
| 260 ## - PUBLICACIÓN, DISTRIBUCIÓN, ETC. |
| Lugar de publicación, distribución, etc. |
México : |
| Nombre del editor, distribuidor, etc. |
El autor, |
| Fecha de publicación, distribución, etc. |
2010 |
| 300 ## - DESCRIPCIÓN FÍSICA |
| Extensión |
iii, 117 hojas : |
| Otras características físicas |
ilustraciones, mapas, gráficas, diagramas, tablas, fotos + |
| Material acompañante/anejo |
1 CD-ROM |
| 336 ## - TIPO DE CONTENIDO |
| Fuente |
rdacontent |
| Término de tipo de contenido |
texto |
| Código de tipo de contenido |
txt |
| 336 ## - TIPO DE CONTENIDO |
| Fuente |
rdacontent |
| Término de tipo de contenido |
texto |
| Código de tipo de contenido |
txt |
| 337 ## - TIPO DE MEDIO |
| Fuente |
rdamedia |
| Nombre/término del tipo de medio |
no mediado |
| Código del tipo de medio |
n |
| 337 ## - TIPO DE MEDIO |
| Fuente |
rdamedia |
| Nombre/término del tipo de medio |
computadora |
| Código del tipo de medio |
c |
| 338 ## - TIPO DE SOPORTE |
| Fuente |
rdacarrier |
| Nombre/término del tipo de soporte |
volumen |
| Código del tipo de soporte |
nc |
| 338 ## - TIPO DE SOPORTE |
| Fuente |
rdacarrier |
| Nombre/término del tipo de soporte |
disco de computadora |
| Código del tipo de soporte |
cd |
| 500 ## - NOTA GENERAL |
| Nota general |
Directorio en el reporte --<br/>El Cd incluye reporte y presentación --<br/>Grado 5° Grupo 4 |
| 502 ## - NOTA DE TESIS |
| Nota de tesis |
Viaje de estudios |
| Tipo de título |
(IAI) -- |
| Nombre de la institución que otorga el título |
UACh. Departamento de Ingeniería Agroindustrial, |
| Año de obtención del título |
2010 |
| 505 ## - NOTA DE CONTENIDO CON FORMATO |
| Nota de contenido con formato |
Empresas visitadas: |
| Título |
1. Lala Torreón, S. A. de C. V. -- <br/>2. SAGARPA Torreón -- <br/>3. Ejido Colectivo Batopilas -- <br/>4. Embotelladora Lagunera, S. A. de C. V. -- <br/>5. Unión Ganadera Regional de la Laguna -- <br/>6. Asociación Ganadera Avícola de la Comarca Lagunera -- <br/>7. FIRA, Agencia Torreón Coahuila -- <br/>8. Producción de hongos comestibles en la comunidad de El Salto, Durango -- <br/>9. SAGARPA Sinaloa -- <br/>10. Fira, Culiacán -- <br/>11. Cocomex -- <br/>12. Pesquería 15 de septiembre, S. A de C. V. -- <br/>13. Embotelladora El Manantial, S. A. de C. V. -- <br/>14. Asociación Ganadera Local de Acaponeta, Nayarit -- <br/>15. Acuícola Valle de la Hurraca -- <br/>16. Integradora de Productores de Café Orgánico del Estado de Nayarit, S. A. de C. V. -- <br/>17. FIRA, Agencia Nayarit -- <br/>18. SAGARPA Delegación Nayarit -- <br/>19. Ingenio El Molino, S. A. de C. V. |
| 650 13 - PUNTO DE ACCESO ADICIONAL DE MATERIA--TÉRMINO DE MATERIA |
| Término de materia o nombre geográfico como elemento de entrada |
Industria avícola |
| Subdivisión general |
|
| 9 (RLIN) |
151437 |
| Subdivisión geográfica |
México |
| -- |
Coahuila |
| 650 13 - PUNTO DE ACCESO ADICIONAL DE MATERIA--TÉRMINO DE MATERIA |
| Término de materia o nombre geográfico como elemento de entrada |
Industria azucarera |
| 9 (RLIN) |
57780 |
| 650 13 - PUNTO DE ACCESO ADICIONAL DE MATERIA--TÉRMINO DE MATERIA |
| Término de materia o nombre geográfico como elemento de entrada |
Industria de productos agrícolas |
| Subdivisión general |
|
| 9 (RLIN) |
151438 |
| Subdivisión geográfica |
México |
| -- |
Durango |
| 650 13 - PUNTO DE ACCESO ADICIONAL DE MATERIA--TÉRMINO DE MATERIA |
| Término de materia o nombre geográfico como elemento de entrada |
Industria del ganado y de la carne |
| Subdivisión general |
|
| 9 (RLIN) |
151439 |
| Subdivisión geográfica |
México |
| -- |
Coahuila |
| 650 13 - PUNTO DE ACCESO ADICIONAL DE MATERIA--TÉRMINO DE MATERIA |
| Término de materia o nombre geográfico como elemento de entrada |
Industria lechera |
| Subdivisión general |
|
| 9 (RLIN) |
151440 |
| Subdivisión geográfica |
México |
| -- |
Coahuila |
| 650 13 - PUNTO DE ACCESO ADICIONAL DE MATERIA--TÉRMINO DE MATERIA |
| Término de materia o nombre geográfico como elemento de entrada |
Industria pesquera |
| 9 (RLIN) |
151441 |
| Subdivisión geográfica |
México |
| -- |
Sinaloa |
| 650 13 - PUNTO DE ACCESO ADICIONAL DE MATERIA--TÉRMINO DE MATERIA |
| Término de materia o nombre geográfico como elemento de entrada |
Dairy industry |
| Subdivisión general |
|
| 9 (RLIN) |
151435 |
| Subdivisión geográfica |
Mexico |
| -- |
Coahuila |
| 650 13 - PUNTO DE ACCESO ADICIONAL DE MATERIA--TÉRMINO DE MATERIA |
| Término de materia o nombre geográfico como elemento de entrada |
Horticultural products industry |
| 9 (RLIN) |
151436 |
| Subdivisión geográfica |
México |
| -- |
Durango |
| 650 13 - PUNTO DE ACCESO ADICIONAL DE MATERIA--TÉRMINO DE MATERIA |
| Término de materia o nombre geográfico como elemento de entrada |
Fish industry |
| 9 (RLIN) |
151275 |
| Subdivisión geográfica |
Mexico |
| -- |
Sinaloa |
| 650 13 - PUNTO DE ACCESO ADICIONAL DE MATERIA--TÉRMINO DE MATERIA |
| Término de materia o nombre geográfico como elemento de entrada |
Livestock and meat industry |
| 9 (RLIN) |
151442 |
| Subdivisión geográfica |
Mexico |
| -- |
Coahuila |
| 650 13 - PUNTO DE ACCESO ADICIONAL DE MATERIA--TÉRMINO DE MATERIA |
| Término de materia o nombre geográfico como elemento de entrada |
Poultry industry |
| Subdivisión general |
|
| 9 (RLIN) |
151443 |
| Subdivisión geográfica |
Mexico |
| -- |
Durango |
| 650 13 - PUNTO DE ACCESO ADICIONAL DE MATERIA--TÉRMINO DE MATERIA |
| Término de materia o nombre geográfico como elemento de entrada |
Sugar industry |
| 9 (RLIN) |
151444 |
| 700 1# - PUNTO DE ACCESO ADICIONAL--NOMBRE DE PERSONA |
| Nombre de persona |
Szymanski Duque, Rosa Guadalupe |
| 9 (RLIN) |
151434 |
| Término indicativo de función/relación |
coordinadora |
| 700 1# - PUNTO DE ACCESO ADICIONAL--NOMBRE DE PERSONA |
| Nombre de persona |
Arcos Hernández, Ana Estela |
| 9 (RLIN) |
131951 |
| Término indicativo de función/relación |
colaboradora |
| 856 ## - LOCALIZACIÓN Y ACCESO ELECTRÓNICOS |
| Identificador Uniforme del Recurso |
<a href="http://10.13.5.2/ve/TC528IAI/TC528IAI2010-REPORTE.pdf">http://10.13.5.2/ve/TC528IAI/TC528IAI2010-REPORTE.pdf</a> |
| Texto de enlace |
DESCARGAR REPORTE |
| 942 ## - ELEMENTOS DE PUNTO DE ACCESO ADICIONAL (KOHA) |
| Fuente del sistema de clasificación o colocación |
Clasificación Universidad Autónoma de Chapingo |
| 901 ## - ELEMENTOS DE DATOS A LOCAL LDA (RLIN) |
| a |
T.C.528 S99 IAI 2010 |
| 902 ## - ELEMENTOS DE DATOS B LOCAL, LDB (RLIN) |
| a |
M |
| 905 ## - ELEMENTOS DE DATOS E LOCAL, LDE (RLIN) |
| a |
5232272010 mx dinl8222223322spa16 |
| 942 ## - ELEMENTOS DE PUNTO DE ACCESO ADICIONAL (KOHA) |
| Tipo de ítem Koha |
Viaje de Estudios |